| 000 | 00521nam a2200157Ia 4500 | ||
|---|---|---|---|
| 008 | 230907s9999||||xx |||||||||||||| ||und|| | ||
| 082 |
_a621.495491 _bHAM |
||
| 100 |
_aHamza Ahmad Raza (NUST201463515MCES64114F) _9116353 |
||
| 245 | 0 | _aModeling of solar thermal tower power plants for climate condition of Pakistan using TRNSYS / | |
| 260 |
_aUSPCAS-E, NUST, _bIslamabad : _c2017 |
||
| 300 | _axv, 94 P. : | ||
| 520 | _aTH-73 | ||
| 650 | _aMS-ESE Thesis MS Thesis | ||
| 700 |
_aDr Majid Ali _929033 |
||
| 942 |
_cTHE _2ddc |
||
| 999 |
_c601752 _d601752 |
||